La monnaie internationale (Record no. 102871)

MARC details
000 -LEADER
campo de control de longitud fija 00711nam a2200205 i 4500
001 - NÚMERO DE CONTROL
campo de control 102871
003 - IDENTIFICADOR DE NÚMERO DE CONTROL
campo de control ES-MaACL
005 - FECHA Y HORA DE LA ÚLTIMA TRANSACCIÓN
campo de control 20250730063119.0
007 - CAMPO FIJO DE DESCRIPCIÓN FÍSICA--INFORMACIÓN GENERAL
campo de control de longitud fija t|
008 - DATOS DE LONGITUD FIJA--INFORMACIÓN GENERAL
campo de control de longitud fija 951002s1869 fr ||||1| fre d
040 ## - FUENTE DE CATALOGACIÓN
Centro catalogador/agencia de origen CAM
Lengua de catalogación spa
Centro/agencia transcriptor CAM
100 1# - ENTRADA PRINCIPAL--NOMBRE DE PERSONA
Nombre de persona Parieu, Marie-Louis-Pierre Félix Esquirou de,
Fechas asociadas al nombre 1815-1893
9 (RLIN) 154753
245 13 - MENCIÓN DEL TÍTULO
Título La monnaie internationale
Resto del título : état actuel de la question /
Mención de responsabilidad, etc. par E. de Parieu.
260 ## - PUBLICACIÓN, DISTRIBUCIÓN, ETC.
Lugar de publicación, distribución, etc. Paris :
Nombre del editor, distribuidor, etc. [s.n.,
Fecha de publicación, distribución, etc. 1869] (
Fabricante Imp. de Dubuisson et Cie.)
300 ## - DESCRIPCIÓN FÍSICA
Extensión 8 p. ;
Dimensiones 24 cm.
500 ## - NOTA GENERAL
Nota general Extrait de la Revue Contemporaine, du 31 julliet 1869.
650 04 - PUNTO DE ACCESO ADICIONAL DE MATERIA--TÉRMINO DE MATERIA
Término de materia o nombre geográfico como elemento de entrada Sistema monetario internacional.
9 (RLIN) 17132
852 ## - LOCALIZACIÓN
Ubicación ES-MaACL
Número de control de estantería T-1284-F-3
Holdings
Estatus retirado Estado de pérdida Estado de daño No para préstamo Colección Biblioteca de origen Biblioteca actual Ubicación en estantería Fecha de adquisición Fuente de adquisición Total de préstamos Signatura topográfica completa Código de barras Visto por última vez Precio de reemplazo Tipo de ítem Koha
        Colección de folletos Biblioteca del Ateneo de Madrid Biblioteca del Ateneo de Madrid Depósito folletos 17/01/2008     T-1284-F-3 1107395 23/02/2023 23/02/2023 Folleto